| 000 | 01581nam0a2200337 4500 | ||
|---|---|---|---|
| 001 | RU\NLR\bibl\1786145 | ||
| 005 | 20260406005559.0 | ||
| 021 |
_aRU _b2011-45104 _93199 |
||
| 035 | _a(NLR Aleph) 001776869 | ||
| 090 |
_a1672772 _c1672772 |
||
| 100 | _a20110707d2011 |||y0rusy50 ca | ||
| 101 | 0 |
_arus _deng |
|
| 102 | _aRU | ||
| 105 | _aa ||||||||| | ||
| 200 | 1 |
_aАнализ решения основных задач при подготовке к выводу и выводе из эксплуатации исследовательских реакторов _fЮ.А. Зверков, О.П. Иванов, В.И. Колядин [и др.] |
|
| 210 |
_aМосква _cНИЦ "Курчатовский институт" _d2011 |
||
| 215 |
_a[1], 33 с. _cил. _d22 |
||
| 225 | 1 |
_aПрепринт _fНац. исслед. центр "Курчат. ин-т" _vИАЭ-6662/3 |
|
| 300 | _aРез. на англ. яз. | ||
| 320 | _aБиблиогр.: с. 32-33 (21 назв.) | ||
| 606 | 1 |
_aИсследовательские ядерные реакторы _xВывод из эксплуатации _92299562 _3RU\NLR\auth\661376813 |
|
| 686 | _aЗ466 | ||
| 701 | 1 |
_aЗверков _bЮ. А. _4070 |
|
| 701 | 1 |
_4070 _8rus _7ca _aИванов _bО. П. _cд-р физ.-мат. наук _gОлег Петрович _3RU\NLR\auth\77115054 _997979 |
|
| 701 | 1 |
_4070 _8rus _7ca _aКолядин _bВ.И. _cэнергетик _3RU\NLR\AUTH\7725129 _98178 |
|
| 801 | 0 |
_aRU _bNLR _c20110707 _gRCR |
|
| 801 | 1 |
_aRU _bNLR _c20110707 |
|
| 942 | _cBOOK | ||
| 980 | _aNB | ||
| 980 | _aNBR | ||